Movimientos separatistas - Estadísticas

Estadísticas generales
  • Esta prueba ha sido intentada 4.131 veces
    1.896 desde el último reinicio
  • La puntuación promedio es 16 de 20
Estadísticas de respuestas
Área País actual % Correcto
Escocia Reino Unido
99%
País Vasco España, Francia
98%
Cataluña España
97%
Groenlandia Dinamarca
96%
Puerto Rico Estados Unidos
96%
Quebec Canadá
95%
Tíbet China
95%
Sahara Occidental Marruecos
94%
Flandes Bélgica
87%
Islas Feroe Dinamarca
81%
Chechenia Rusia
81%
Kurdistán Turquía, Iran, Irak, Siria
81%
Chiapas México
79%
Transnistria Moldavia
74%
Zanzíbar Tanzania
67%
Daguestán Rusia
66%
Osetia del Sur Georgia
65%
Tamil Nadu India
57%
Nagorno-Karabaj Azerbaiyán
56%
Darfur Sudán
39%
No se encontraron pruebas coincidentes
Distribución de puntuación
Porcentaje de gente con cada puntuación
Porcentaje por número respondido
Historial de tus puntuaciones
No has intentado esta prueba desde el último reinicio